Statistiques concernant Dix plus grands états des États-Unis par superficie

Cliquez ici pour prendre le quiz!

Statistiques générales

  • Ce quiz a été pris 5,554 fois
  • Le résultat moyen est 7 sur 10

Statistiques - réponses

km2 État % Correct
676 587Texas
98%
403 466Californie
96%
1 477 953Alaska
86%
284 332Nevada
75%
314 161Nouveau-Mexique
74%
294 207Arizona
68%
268 431Colorado
67%
376 962Montana
67%
251 470Oregon
57%
248 608Wyoming
50%

Distribution des résultats

Percentile by Number Answered

% des personnes avec chaque résultat

Votre développement - résultats

Vous n’avez pas pris ce quiz